02166cam a22003134a 45000010009000000050017000090080041000260100015000670200029000820200026001110400052001370820020001891000033002092450103002422600066003453000041004115000024004525040031004765200985005076500027014926500028015196500028015476530025015756550024016007000035016249420020016599990017016799520156016961661379420141216160710.0110118s2011 xxuaf frb f001 0 eng d a2011002438 a9780521898416 (hardback) a0521898412 (hardback) aDLCcDLCdYDXdBTCTAdYDXCPdCDXdDLCdEG-ScBUE00a006.42222bLIU1 aLiu, Zicheng, d1965-93694910aFace geometry and appearance modeling :bconcepts and applications /cZicheng Liu, Zhengyou Zhang. aNew York, United States :bCambridge University Press,c2011. avi, 307 p. :bill. ( col.) ;c24 cm. aIndex : p. 295-307. aBibliography : p. 279-294. a"Human faces are familiar to our visual systems. We easily recognize a person's face in arbitrary lighting conditions and in a variety of poses; detect small appearance changes; and notice subtle expression details. Can computer vision systems process face images as well as human vision systems can? Face image processing has potential applications in surveillance, image and video search, social networking, and other domains. A comprehensive guide to this fascinating topic, this book provides a systematic description of modeling face geometry and appearance from images, including information on mathematical tools, physical concepts, image processing and computer vision techniques, and concrete prototype systems. The book will be an excellent reference for researchers and graduate students in computer vision, computer graphics, and multimedia as well as application developers who would like to gain a better understanding of the state of the art"-Provided by publisher. 0aComputer vision918312 0aComputer graphics93615 0aImage processing936950 bENGELCcDecember2014 vreading book9342321 aZhang, Zhengyou,d1965-936951 2ddck006.42 LIU c18788d18760 00102ddc40708BaccahaMAINbMAINcLOWd2014-12-16epurchaseg612.00h21291l1m2o006.42 LIUp000037203r2025-07-15 00:00:00s2017-09-26v765.00yBB